Research methods in clinical linguistics and phonetics (Record no. 33629)

000 -LEADER
fixed length control field 01650cam a2200445 a 4500
001 - CONTROL NUMBER
control field 11447938
003 - CONTROL NUMBER IDENTIFIER
control field OSt
005 - DATE AND TIME OF LATEST TRANSACTION
control field 20210924153332.0
006 - FIXED-LENGTH DATA ELEMENTS--ADDITIONAL MATERIAL CHARACTERISTICS
fixed length control field m u
007 - PHYSICAL DESCRIPTION FIXED FIELD--GENERAL INFORMATION
fixed length control field cr cn|||||||||
008 - FIXED-LENGTH DATA ELEMENTS--GENERAL INFORMATION
fixed length control field 120321s2013 maua sb 001 0 eng d
010 ## - LIBRARY OF CONGRESS CONTROL NUMBER
Canceled/invalid LC control number 2012010361
020 ## - INTERNATIONAL STANDARD BOOK NUMBER
Canceled/invalid ISBN 9781444335842
035 ## - SYSTEM CONTROL NUMBER
System control number (CaPaEBR)ebr10657965
035 ## - SYSTEM CONTROL NUMBER
System control number (NNC)11447938
038 ## - RECORD CONTENT LICENSOR
Staff Name khadija
040 ## - CATALOGING SOURCE
Original cataloging agency CaPaEBR
Transcribing agency CaPaEBR
050 14 - LIBRARY OF CONGRESS CALL NUMBER
Classification number RC423
Item number .R455 2013eb
082 04 - DEWEY DECIMAL CLASSIFICATION NUMBER
Classification number 616.855
Edition number 23
Author Mark RES
245 00 - TITLE STATEMENT
Title Research methods in clinical linguistics and phonetics
Remainder of title a practical guide /
Statement of responsibility, etc. edited by Nicole Müller and Martin J. Ball.
260 ## - PUBLICATION, DISTRIBUTION, ETC.
Place of publication, distribution, etc. Malden, Mass. :
Name of publisher, distributor, etc. John Wiley & Sons,
Date of publication, distribution, etc. 2013.
300 ## - PHYSICAL DESCRIPTION
Extent xii, 318 p. :
Other physical details ill.
490 1# - SERIES STATEMENT
Series statement Guides to research methods in language and linguistics
504 ## - BIBLIOGRAPHY, ETC. NOTE
Bibliography, etc. note Includes bibliographical references and index.
533 ## - REPRODUCTION NOTE
Type of reproduction Electronic reproduction.
Place of reproduction Palo Alto, Calif. :
Agency responsible for reproduction ebrary,
Date of reproduction 2013.
Note about reproduction Available via World Wide Web.
-- Access may be limited to ebrary affiliated libraries.
563 ## - BINDING INFORMATION
Binding note PB
650 #0 - SUBJECT ADDED ENTRY--TOPICAL TERM
Topical term or geographic name entry element Speech disorders.
9 (RLIN) 82747
650 #0 - SUBJECT ADDED ENTRY--TOPICAL TERM
Topical term or geographic name entry element Communicative disorders.
9 (RLIN) 82748
650 #0 - SUBJECT ADDED ENTRY--TOPICAL TERM
Topical term or geographic name entry element Language disorders.
9 (RLIN) 82749
650 #0 - SUBJECT ADDED ENTRY--TOPICAL TERM
Topical term or geographic name entry element Phonetics.
9 (RLIN) 82750
650 #0 - SUBJECT ADDED ENTRY--TOPICAL TERM
Topical term or geographic name entry element Applied linguistics.
9 (RLIN) 82751
655 #7 - INDEX TERM--GENRE/FORM
Genre/form data or focus term Electronic books.
Source of term local
9 (RLIN) 621
700 1# - ADDED ENTRY--PERSONAL NAME
Personal name Müller, Nicole,
Dates associated with a name 1963-
9 (RLIN) 82752
700 1# - ADDED ENTRY--PERSONAL NAME
Personal name Ball, Martin J.
Fuller form of name (Martin John)
9 (RLIN) 82753
710 2# - ADDED ENTRY--CORPORATE NAME
Corporate name or jurisdiction name as entry element ebrary, Inc.
9 (RLIN) 622
830 #0 - SERIES ADDED ENTRY--UNIFORM TITLE
Uniform title Guides to research methods in language and linguistics.
9 (RLIN) 82754
856 40 - ELECTRONIC LOCATION AND ACCESS
Uniform Resource Identifier <a href="http://www.columbia.edu/cgi-bin/cul/resolve?clio11447938">http://www.columbia.edu/cgi-bin/cul/resolve?clio11447938</a>
Public note Click here for full text.
942 ## - ADDED ENTRY ELEMENTS (KOHA)
Source of classification or shelving scheme
Koha item type Book
Holdings
Withdrawn status Lost status Source of classification or shelving scheme Damaged status Not for loan Permanent Location Current Location Shelving location Date acquired Full call number Barcode Date last seen Price effective from Koha item type Public note
          School of Mechanical & Manufacturing Engineering (SMME) School of Mechanical & Manufacturing Engineering (SMME) General Stacks 05/10/2016 616.855 RES SMME-2826 04/05/2018 05/10/2016 Book Rack,41-Shelf,1
© 2023 Central Library, National University of Sciences and Technology. All Rights Reserved.